000
00304nam a2200133Ia 4500
008
220204s9999 xx 000 0 und d
082
_a
301
_b
HUN
100
_a
Horton, Paul B
245
0
_a
Sociology
250
_a
Ed.3
260
_a
Tokyo
_b
McGraw Hill
_c
1972
700
_a
Hunt, Chester L
942
_c
BK
999
_c
28655
_d
28655